000 00437nam a2200181Ia 4500
001 19393
005 20260306172650.0
008 260306t1991||||xx |||||||||||||| ||spa||
041 _aESP
082 _a659.1
_bF38
100 _aFerrer Rosello, Clemente
_eAUT
245 0 _a¿Quién elige la mejor publicidad?
260 _c1991
300 _a183 páginas :
_c24 cm.
650 _aGEN
654 _aCAN
942 _cLIB
_dJUS
_fJUS
_2ddc
_n
999 _c19393
_d19393